000 00472cam a22001934a 4500
005 20250605164322.0
008 250528s ||||||||||||||||||||||||d
035 _a22951
020 _a9780340812587
040 _aGR-AtMCL
_bgre
_dGR-AtMCL
_eAACR2
245 1 _aRESEARCH METHODS AND STATISTICS IN PSYCHOLOGY
250 _a4
260 _bHodder Arnold,
_c2004
300 _a711
700 1 _aCoolican Hugh
_9268
942 _cBK
999 _c7993
_d7993